<?xml version="1.0" encoding="UTF-8"?>
<collection xmlns="http://www.loc.gov/MARC21/slim">
 <record>
  <leader>01138pam a22002418a 4500</leader>
  <controlfield tag="001">00022209</controlfield>
  <controlfield tag="005">20181001161019.0</controlfield>
  <controlfield tag="008">110528s2006                  ||||||Viesd</controlfield>
  <datafield tag="020" ind1="#" ind2="#">
   <subfield code="c">35000</subfield>
  </datafield>
  <datafield tag="041" ind1="0" ind2="#">
   <subfield code="a">Vie</subfield>
  </datafield>
  <datafield tag="082" ind1="1" ind2="4">
   <subfield code="b">L504GI</subfield>
   <subfield code="a">344.597</subfield>
  </datafield>
  <datafield tag="110" ind1="1" ind2="#">
   <subfield code="a">Cộng Hòa Xã Hội Chủ Nghĩa Việt Nam</subfield>
   <subfield code="b">Luật lệ và sắc lệnh</subfield>
  </datafield>
  <datafield tag="245" ind1="0" ind2="0">
   <subfield code="a">Luật giáo dục và nghị định quy định chi tiết hướng dẫn thi hành</subfield>
  </datafield>
  <datafield tag="260" ind1="#" ind2="#">
   <subfield code="a">H.</subfield>
   <subfield code="b">Lao động xã hội</subfield>
   <subfield code="c">2006</subfield>
  </datafield>
  <datafield tag="300" ind1="#" ind2="#">
   <subfield code="a">147 tr.</subfield>
   <subfield code="c">19 cm.</subfield>
  </datafield>
  <datafield tag="653" ind1="#" ind2="#">
   <subfield code="a">Giáo dục</subfield>
  </datafield>
  <datafield tag="653" ind1="#" ind2="#">
   <subfield code="a">Nghị định</subfield>
  </datafield>
  <datafield tag="852" ind1="#" ind2="#">
   <subfield code="b">Kho giáo trình</subfield>
   <subfield code="j">KGT.0020462, KGT.0020463, KGT.0020464, KGT.0020465, KGT.0020466, KGT.0020467, KGT.0020468, KGT.0020469, KGT.0020470, KGT.0020471</subfield>
  </datafield>
  <datafield tag="852" ind1="#" ind2="#">
   <subfield code="b">Kho mượn</subfield>
   <subfield code="j">KGT.0020462</subfield>
  </datafield>
  <datafield tag="852" ind1="#" ind2="#">
   <subfield code="b">Kho đọc</subfield>
   <subfield code="j">KD.0009012</subfield>
  </datafield>
  <datafield tag="852" ind1="#" ind2="#">
   <subfield code="j">KGT.0020463</subfield>
   <subfield code="j">KGT.0020464</subfield>
   <subfield code="j">KGT.0020466</subfield>
   <subfield code="j">KGT.0020467</subfield>
   <subfield code="j">KGT.0020469</subfield>
   <subfield code="j">KGT.0020470</subfield>
   <subfield code="j">KD.0009012</subfield>
   <subfield code="j">KGT.0020468</subfield>
   <subfield code="j">KGT.0020471</subfield>
   <subfield code="j">KGT.0020462</subfield>
   <subfield code="j">KGT.0020465</subfield>
  </datafield>
  <datafield tag="910" ind1="0" ind2="#">
   <subfield code="a">Đức</subfield>
   <subfield code="e">ltkchi</subfield>
   <subfield code="f">01/10/2018</subfield>
   <subfield code="d">28/05/2011</subfield>
  </datafield>
  <datafield tag="980" ind1="#" ind2="#">
   <subfield code="a">Trung tâm Học liệu Lê Vũ Hùng, Trường Đại học Đồng Tháp</subfield>
  </datafield>
 </record>
</collection>
